书目信息 |
| 题名: |
魅力社交
|
|
| 作者: | 陈曦 , 万爱珍 主编 | |
| 分册: | ||
| 出版信息: | 上海 上海科技教育出版社 2005.12 |
|
| 页数: | 221页 | |
| 开本: | 18cm | |
| 丛书名: | 交际英语口语系列 | |
| 单 册: | ||
| 中图分类: | H319.9 | |
| 科图分类: | 41.687 | |
| 主题词: | 英语--Ying Yu--口语 | |
| 电子资源: | ||
| ISBN: | 7-5428-3895-4 | |
| 000 | 00769nam 2200265 450 | |
| 001 | CAL 012006019820 | |
| 005 | 20060921161029.84 | |
| 010 | @a7-5428-3895-4@dCNY 10.80 | |
| 099 | @aCAL 012006019820 | |
| 100 | @a20060307d2005 ekmy0chiy0121 ea | |
| 101 | 0 | @achi@aeng |
| 102 | @aCN@b310000 | |
| 200 | 1 | @a魅力社交@AMei Li She Jiao@f陈曦, 万爱珍主编 |
| 210 | @a上海@c上海科技教育出版社@d2005.12 | |
| 215 | @a221页@d18cm | |
| 225 | 2 | @a交际英语口语系列@AJiao Ji Ying Yu Kou Yu Xi Lie |
| 410 | 0 | @12001 @a交际英语口语系列 |
| 606 | 0 | @a英语@AYing Yu@x口语 |
| 690 | @aH319.9@v4 | |
| 692 | @a41.687@v3 | |
| 701 | 0 | @a陈曦@AChen Xi@4主编 |
| 701 | 0 | @a万爱珍@AWan Ai Zhen@4主编 |
| 801 | 0 | @aCN@bHPUL@c20060921 |
| 905 | @dH319.9@eC5931 | |
| 906 | @dCNY 10.80@n3@r1 | |
| 魅力社交/陈曦, 万爱珍主编.-上海:上海科技教育出版社,2005.12 |
| 221页;18cm.-(交际英语口语系列) |
| ISBN 7-5428-3895-4:CNY 10.80 |
| ● |
| 相关链接 |
|
|
|
正题名:魅力社交
索取号:H319.9/C5931
 
预约/预借
| 序号 | 登录号 | 条形码 | 馆藏地/架位号 | 状态 | 备注 |
| 1 | 594878 | 205948787 | 语言库209/209语言库 58排7列6层/ [索取号:H319.9/C5931] | 在馆 | |
| 2 | 594879 | 205948796 | 语言库209/209语言库 58排7列6层/ [索取号:H319.9/C5931] | 在馆 | |
| 3 | 594880 | 205948803 | 语言库209/209语言库 58排7列6层/ [索取号:H319.9/C5931] | 在馆 | |
| 4 | 594881 | 205948812 | 语言库209/209语言库 58排7列6层/ [索取号:H319.9/C5931] | 在馆 | |
| 5 | 594882 | 205948821 | 语言库209/209语言库 58排7列6层/ [索取号:H319.9/C5931] | 在馆 | |
| 6 | 607288 | 206072881 | 语言库209/209语言库 58排7列5层/ [索取号:H319.9/C5931] | 在馆 | |
| 7 | 607289 | 206072890 | 语言库209/209语言库 58排7列5层/ [索取号:H319.9/C5931] | 在馆 | |
| 8 | 607290 | 206072907 | 语言库209/209语言库 58排7列5层/ [索取号:H319.9/C5931] | 在馆 | |
| 9 | 607291 | 206072916 | 语言库209/209语言库 58排7列5层/ [索取号:H319.9/C5931] | 在馆 |